000
00260nam a22000977a 4500
008
250505b |||||||| |||| 00| 0 eng d
020
_a
9781408855713
100
_a
Rowling J K
245
_a
Harry Potter and the Deadly Hollows
260
_a
London
_b
Bloomsberry
_c
2014
999
_c
12760
_d
12760